000 00927nam a2200229Ia 4500
001 11114
003 GE_BSU
008 181216s||||||||xx |||||||||||||| ||und||
040 _cGE_BSU
080 _a633.814.574:632.7
100 _aჯაში,ვარლამ. ჯაში,ვლადიმერ.
245 _aკეთილშობილი დაფნის მავნებლები და მათთან ბრძოლა.
245 _cრედ:ლ.ბეჟანიძე.
260 _aბათუმი.
260 _bსაბჭოთა აჭარა.
260 _c1973.
300 _a305გვ;22სმ
300 _eდანართი.გვ.293.
520 _aრეზ.რუსულ ენაზე.გვ.278.
653 _aკეთილშობილი დაფნის მავნებლები და მათთან ბრძოლა.
942 _cBK
999 _c44353
_d44353